Online
Catalog

El paladión : (Record no. 29320)

MARC details
000 -CABECERA
campo de control de longitud fija 02724nam a2200445 a 4500
001 - NÚMERO DE CONTROL
campo de control 000029828
003 - IDENTIFICADOR DEL NÚMERO DE CONTROL
campo de control DO-SdBNP
005 - FECHA Y HORA DE LA ÚLTIMA TRANSACCIÓN
campo de control 20260427170707.0
008 - DATOS DE LONGITUD FIJA--INFORMACIÓN GENERAL
campo de control de longitud fija 110426s2010 dr 000 0 spa d
020 ## - NÚMERO INTERNACIONAL ESTÁNDAR DEL LIBRO
Número Internacional Estándar del Libro 9789945074208
040 ## - FUENTE DE LA CATALOGACIÓN
Centro catalogador/agencia de origen DO-SdBNP
Lengua de catalogación spa
Centro/agencia transcriptor BNPHU
082 #4 - NÚMERO DE LA CLASIFICACIÓN DECIMAL DEWEY
Número de clasificación RD860.9
Número de documento/Ítem P153o
Número de edición 22
245 03 - MENCIÓN DE TÍTULO
Título El paladión :
Resto del título de la ocupación militar norteamericana a la dictadura de Trujillo /
Mención de responsabilidad, etc. compilador Alejandro Paulino Ramos.
260 ## - PUBLICACIÓN, DISTRIBUCIÓN, ETC.
Lugar de publicación, distribución, etc. Santo Domingo :
Nombre del editor, distribuidor, etc. Academia Dominicana de la Historia :
-- Archivo General de la Nación,
Fecha de publicación, distribución, etc. 2010.
300 ## - DESCRIPCIÓN FÍSICA
Extensión 2 v. ;
Dimensiones 23 cm.
490 1# - MENCIÓN DE SERIE
Mención de serie Archivo General de la Nación
Designación de volumen o secuencia 127
490 1# - MENCIÓN DE SERIE
Mención de serie Academia Dominicana de la Historia
Designación de volumen o secuencia 92
500 ## - NOTA GENERAL
Nota general Incluye índice onomástico.
505 0# - NOTA DE CONTENIDO CON FORMATO
Información miscelánea v. 2.
Título Ediciones paladión --
Información miscelánea Libros El Paladión /
Mención de responsabilidad Julio A. Cuello
Título Los poemas del instinto, elegías sinfónicas, Otros poemas --
-- Los nocturnos del olvido, La sombra iluminada /
Mención de responsabilidad Virgilio Díaz Ordoñez (Ligio Vizardí) --
Título Notas bibliográficas y literarias, Luzbel del monóculo /
Mención de responsabilidad Cristian Lugo --
Título Vía láctea, Como los demás /
Mención de responsabilidad Armando Oscar Pacheco --
Título Voces de adentro, Discurso, Por mi patria, El espíritu de la renovación /
Mención de responsabilidad Francisco Prats-Ramírez --
Título Los civilizadores /
Mención de responsabilidad Horacio Read --
Información miscelánea Indice onomástico.
520 ## - SUMARIO, ETC.
Sumario, etc. El Paladión fue la más importante organización juvenil, cultural y revolucionaria de la intelectualidad dominicana, entre 1916 y 1931, fue creada junto a otras que integraron a los sectores anti- intervencionistas: la Unión Nacional Dominicana, la Junta Nacionalista y el Movimiento Postumista Plus Ultra como respuesta a la dictadura militar de la primera ocupación norteamericana de la República Dominicana.
590 ## - NOTA LOCAL (RLIN)
Nota local Inventariado, 2018/BT
610 20 - PUNTO DE ACCESO ADICIONAL DE MATERIA--NOMBRE DE ENTIDAD CORPORATIVA
Nombre de entidad corporativa o nombre de jurisdicción como elemento de entrada Paladión (Organización : República Dominicana)
9 (RLIN) 56579
650 #4 - PUNTO DE ACCESO ADICIONAL DE MATERIA--TÉRMINO DE MATERIA
Término de materia o nombre geográfico como elemento de entrada Ensayos dominicanos
9 (RLIN) 65
650 #4 - PUNTO DE ACCESO ADICIONAL DE MATERIA--TÉRMINO DE MATERIA
Término de materia o nombre geográfico como elemento de entrada Poesía dominicana
9 (RLIN) 66
650 #4 - PUNTO DE ACCESO ADICIONAL DE MATERIA--TÉRMINO DE MATERIA
Término de materia o nombre geográfico como elemento de entrada Cuentos dominicanos
9 (RLIN) 176
650 #4 - PUNTO DE ACCESO ADICIONAL DE MATERIA--TÉRMINO DE MATERIA
Término de materia o nombre geográfico como elemento de entrada Historia en la literatura
9 (RLIN) 1300
650 #4 - PUNTO DE ACCESO ADICIONAL DE MATERIA--TÉRMINO DE MATERIA
Término de materia o nombre geográfico como elemento de entrada Movimientos antiimperialistas
Subdivisión geográfica República Dominicana
Subdivisión general Literatura
9 (RLIN) 56580
650 #4 - PUNTO DE ACCESO ADICIONAL DE MATERIA--TÉRMINO DE MATERIA
Término de materia o nombre geográfico como elemento de entrada Literatura dominicana
Subdivisión cronológica Siglo XX
9 (RLIN) 85167
651 #0 - PUNTO DE ACCESO ADICIONAL DE MATERIA--NOMBRE GEOGRÁFICO
Nombre geográfico República Dominicana
Subdivisión general Historia
Subdivisión cronológica Ocupación Norteamericana, 1916-1924
Subdivisión general Literatura
9 (RLIN) 56581
700 1# - PUNTO DE ACCESO ADICIONAL--NOMBRE DE PERSONA
Nombre de persona Paulino Ramos, Alejandro,
Fechas asociadas al nombre 1951-
Término indicativo de función/relación comp.
9 (RLIN) 325
700 12 - PUNTO DE ACCESO ADICIONAL--NOMBRE DE PERSONA
Nombre de persona Cuello, Julio A.
9 (RLIN) 20639
700 12 - PUNTO DE ACCESO ADICIONAL--NOMBRE DE PERSONA
Nombre de persona Virgilio Díaz Ordóñez,
Fechas asociadas al nombre 1895-1968
9 (RLIN) 84972
700 12 - PUNTO DE ACCESO ADICIONAL--NOMBRE DE PERSONA
Nombre de persona Lugo, Cristián
9 (RLIN) 56583
700 12 - PUNTO DE ACCESO ADICIONAL--NOMBRE DE PERSONA
Nombre de persona Pacheco, Armando Oscar
9 (RLIN) 56584
700 12 - PUNTO DE ACCESO ADICIONAL--NOMBRE DE PERSONA
Nombre de persona Prats-Ramírez, Francisco
9 (RLIN) 52032
700 12 - PUNTO DE ACCESO ADICIONAL--NOMBRE DE PERSONA
Nombre de persona Read, Horacio
9 (RLIN) 27413
830 #0 - PUNTO DE ACCESO ADICIONAL DE SERIE-TÍTULO UNIFORME
Título uniforme Archivo General de la Nación
Designación de volumen o secuencia 127
9 (RLIN) 770
Nombre de parte o sección de la obra Academia Dominicana de la Historia
Número de parte o sección de la obra 92
910 ## - DATOS DE OPCIÓN DEL USUARIO (OCLC)
Datos de opción del usuario Validado. Control de calidad. EMS
942 ## - ELEMENTOS DE PUNTO DE ACCESO ADICIONAL (KOHA)
Fuente del sistema de clasificación o colocación Dewey Decimal Classification
Tipo de ítem Koha Libro
Holdings
Estado de retiro Estado de pérdida Restricciones de uso No para préstamo Código de colección Localización permanente Ubicación/localización actual Ubicación en estantería Fecha de adquisición Número de inventario Total de préstamos Signatura topográfica completa Código de barras Fecha visto por última vez Precio válido a partir de Tipo de ítem Koha
        Patrimonio Dominicano General General Depósito 26.04.2011 LF1   RD860.9 P153o | v.1, e.3 29828-30 25.06.2020 25.06.2020 Libro y Folleto Colección Patrimonio Dominicano
        Patrimonio Dominicano General General Depósito 10.05.2011 LF1   RD860.9 P153o | v.1, e.4 29828-40 25.06.2020 25.06.2020 Libro y Folleto Colección Patrimonio Dominicano
        Patrimonio Dominicano General General Depósito 13.01.2020 LF1   RD860.9 P153o | v.2, e.3 29828-70 25.06.2020 25.06.2020 Libro y Folleto Colección Patrimonio Dominicano
      Excluido de préstamo Patrimonio Dominicano Patrimonio Dominicano Patrimonio Dominicano Depósito 26.04.2011 LF1   RD860.9 P153o | v.1 29828-10 25.06.2020 25.06.2020 Libro y Folleto Colección Patrimonio Dominicano
      Excluido de préstamo Patrimonio Dominicano Patrimonio Dominicano Patrimonio Dominicano Depósito 26.04.2011 LF1   RD860.9 P153o | v.1, e.2 29828-20 25.06.2020 25.06.2020 Libro y Folleto Colección Patrimonio Dominicano
      Excluido de préstamo Patrimonio Dominicano Patrimonio Dominicano Patrimonio Dominicano Depósito 10.05.2011 LF1   RD860.9 P153o | v.2 29828-50 25.06.2020 25.06.2020 Libro y Folleto Colección Patrimonio Dominicano
      Excluido de préstamo Patrimonio Dominicano Patrimonio Dominicano Patrimonio Dominicano Depósito 10.05.2011 LF1   RD860.9 P153o | v.2, e.2 29828-60 25.06.2020 25.06.2020 Libro y Folleto Colección Patrimonio Dominicano

Powered by Koha